The Hindu heritage of Pakistan / (Record no. 16094)

000 -LEADER
fixed length control field 01227cam a2200337 i 4500
001 - CONTROL NUMBER
control field 17916141
005 - DATE AND TIME OF LATEST TRANSACTION
control field 20170105102932.0
008 - FIXED-LENGTH DATA ELEMENTS--GENERAL INFORMATION
fixed length control field 131024s2013 pk a b 000 0 eng
010 ## - LIBRARY OF CONGRESS CONTROL NUMBER
LC control number 2013359672
020 ## - INTERNATIONAL STANDARD BOOK NUMBER
International Standard Book Number 9789699532023
025 ## - OVERSEAS ACQUISITION NUMBER
Overseas acquisition number P-E-2013359672; 50; 04
037 ## - SOURCE OF ACQUISITION
Source of stock number/acquisition Library of Congress -- Islamabad Overseas Office
Terms of availability Rs 2900
040 ## - CATALOGING SOURCE
Original cataloging agency DLC
Language of cataloging eng
Transcribing agency DLC
Description conventions rda
042 ## - AUTHENTICATION CODE
Authentication code lcode
-- pcc
043 ## - GEOGRAPHIC AREA CODE
Geographic area code a-pk---
050 00 - LIBRARY OF CONGRESS CALL NUMBER
Classification number BL1158.3
Item number .S53 2013
100 1# - MAIN ENTRY--PERSONAL NAME
Personal name Shāh, Ṣafdar ʻAlī,
Dates associated with a name 1948-
Relator term author.
245 14 - TITLE STATEMENT
Title The Hindu heritage of Pakistan /
Statement of responsibility, etc. Safdar Ali Shah, Syed Javaid A. Kazi.
300 ## - PHYSICAL DESCRIPTION
Extent 121 pages :
Other physical details color illustrations ;
Dimensions 33 cm
504 ## - BIBLIOGRAPHY, ETC. NOTE
Bibliography, etc. note Includes bibliographical references (page 121).
650 #0 - SUBJECT ADDED ENTRY--TOPICAL TERM
Topical term or geographic name entry element Hinduism
Geographic subdivision Pakistan
650 #0 - SUBJECT ADDED ENTRY--TOPICAL TERM
Topical term or geographic name entry element Hinduism
Geographic subdivision Pakistan
Form subdivision Pictorial works.
650 #0 - SUBJECT ADDED ENTRY--TOPICAL TERM
Topical term or geographic name entry element Hindu temples
Geographic subdivision Pakistan.
650 #0 - SUBJECT ADDED ENTRY--TOPICAL TERM
Topical term or geographic name entry element Hindu temples
Geographic subdivision Pakistan
Form subdivision Pictorial works.
650 #0 - SUBJECT ADDED ENTRY--TOPICAL TERM
Topical term or geographic name entry element Fasts and feasts
General subdivision Hinduism.
650 #0 - SUBJECT ADDED ENTRY--TOPICAL TERM
Topical term or geographic name entry element Fasts and feasts
General subdivision Hinduism
Form subdivision Pictorial works.
700 1# - ADDED ENTRY--PERSONAL NAME
Personal name Kazi, Syed Javaid A.,
Relator term illustrator.
906 ## - LOCAL DATA ELEMENT F, LDF (RLIN)
a 7
b cbc
c origode
d 3
e ncip
f 20
g y-gencatlg
942 ## - ADDED ENTRY ELEMENTS (KOHA)
Source of classification or shelving scheme
Koha item type Book
Holdings
Withdrawn status Lost status Damaged status Not for loan Collection code Permanent Location Current Location Shelving location Date acquired Total Checkouts Full call number Barcode Date last seen Price effective from Koha item type
          Centre for International Peace & Stability (CIPS) Centre for International Peace & Stability (CIPS) General Stacks 06/27/2014   959.054 SHA 2013 CIPSD0000147 08/26/2014 01/05/2017 Book
          Centre for International Peace & Stability (CIPS) Centre for International Peace & Stability (CIPS) General Stacks 05/29/2015   959.054 SHA 2013 CIPS0002594 06/03/2015 06/03/2015 Book
© 2023 Central Library, National University of Sciences and Technology. All Rights Reserved.